000 00635nam a2200229Ia 4500
003 OSt
005 20220927104420.0
006 a|||||r|||| 00| 0
007 ta
008 220926b |||||||| |||| 00| 0 eng d
024 _a151209
037 _cReference Collections
040 _aRTL
_cRTL
_beng
041 _2eng
_aeng
082 _a"X9(F193):531.2.N46t, H7"
110 _a"INDIAN,TARIFF (Board)"
_9365566
245 0 _aReport
260 _c1947
700 _a"INDIAN,TARIFF (Board)"
_9365567
942 _h"X9(F193):531.2.N46t, H7"
_cCC
999 _c687213
_d687213